000 00432nam a2200181Ia 4500
001 17104
005 20260306170400.0
008 260306t2007||||xx |||||||||||||| ||und||
041 _aESP
082 _a657.458
_bF81
100 _aFranklin F., Enrique Benjamín
_eAUT
245 0 _aAuditoría administrativa
260 _c2007
300 _a872 páginas :
_ccm.
650 _aGEN
654 _aCCO
942 _cLIB
_dJUS
_fJUS
_2ddc
_n
999 _c17104
_d17104